000 00471nam a22001817a 4500
005 20251212121230.0
008 251212b |||||||| |||| 00| 0 eng d
040 _aMAIN
082 _a491.25
_bS18P
100 _aSucheta
245 _a Panini vyakaran mein karak: Ek adhyayan
260 _bDepartment of Sanskrit, M D University, Rohtak
_c2024
300 _axxvi, 273
650 _aSanskrit
650 _aPanini Grammar
700 _aPrabhat, Ravi
942 _cTH
999 _c395179
_d395179